000 00383cam a22001217a 4500
008 180718b1978 xxu||||| |||| 00| 0 eng d
082 _aA81x54 In2/71/7
100 _aCensus of India 1971
245 _aHimachal Pradesh: portrait of population
260 _aDelhi
_bThe Controller of Publications
_c1978
300 _a129+p.
440 _aCensus of India 1971. Series-7, Himachal Pradesh
999 _c485114
_d485114